How to solve word problems in algebra

Đã lưu trong:
Bibliografiske detaljer
Hovedforfatter: Mildred Johnson ... [et al.]
Format: Bog
Sprog:Undetermined
Udgivet: New York McGraw-Hill 2000
Fag:
Tags: Tilføj Tag
Ingen Tags, Vær først til at tagge denne postø!
Thư viện lưu trữ: Trung tâm Học liệu Trường Đại học Cần Thơ
LEADER 00532nam a2200193Ia 4500
001 CTU_51898
008 210402s9999 xx 000 0 und d
020 |b 153000 
082 |a 512 
082 |b H847 
100 |a Mildred Johnson ... [et al.] 
245 0 |a How to solve word problems in algebra 
245 0 |c Mildred Johnson ... [et al.] 
260 |a New York 
260 |b McGraw-Hill 
260 |c 2000 
650 |a algebra 
650 |x problems, exercises, etc. 
980 |a Trung tâm Học liệu Trường Đại học Cần Thơ